| Tag |
First Indicator |
Second Indicator |
Subfields |
| LEADER |
00000cam a2200000Ia 4500 |
| 001 |
in00002243721 |
| 005 |
20151105060635.0 |
| 008 |
861224s1969 ru b 000 0 ruso |
| 010 |
|
|
|a 79482713
|
| 015 |
|
|
|a USSR69-VKP
|
| 035 |
|
|
|a (OCoLC)ocm22678153
|
| 035 |
|
|
|a (OCoLC)22678153
|
| 040 |
|
|
|a DLC
|c HVL
|d OCL
|d UIU
|d OCLCQ
|d TXA
|d UtOrBLW
|
| 043 |
|
|
|a e-ur---
|
| 049 |
|
|
|a TXAM
|
| 090 |
|
|
|a K14
|b .O86 1969 no. 7
|
| 100 |
1 |
|
|6 880-01
|a Smirnov, L. D.
|q (Lev Dmitrievich)
|
| 245 |
1 |
0 |
|6 880-02
|a Priem na rabotu, perevod i uvolʹnenie rabochikh i sluzhashchikh v SSSR /
|c L.D. Smirnov.
|
| 264 |
|
1 |
|6 880-03
|a Moskva :
|b "Znanie",
|c 1969.
|
| 300 |
|
|
|a 48 pages ;
|c 21 cm.
|
| 336 |
|
|
|a text
|b txt
|2 rdacontent
|
| 337 |
|
|
|a unmediated
|b n
|2 rdamedia
|
| 338 |
|
|
|a volume
|b nc
|2 rdacarrier
|
| 490 |
1 |
|
|6 880-04
|a Novoe v zhizni, nauke, tekhnike. Gosudarstvo i pravo ;
|v 1969, 7
|
| 504 |
|
|
|a Includes bibliographical references.
|
| 650 |
|
0 |
|a Labor contract
|z Soviet Union.
|
| 650 |
|
0 |
|a Employees
|x Dismissal of
|z Soviet Union.
|
| 650 |
|
0 |
|a Employees
|z Soviet Union
|x Transfer.
|
| 830 |
|
0 |
|a Novoe v zhizni, nauke, tekhnike.
|n Serii͡a XVII,
|p Gosudarstvo i pravo ;
|v 1969, 7.
|
| 880 |
1 |
|
|6 100-01
|a Смирнов, Л. Д.
|q (Лев Дмитриевич)
|
| 880 |
1 |
0 |
|6 245-02
|a Прием на работу, перевод и увольнение рабочих и служащих в СССР /
|c Л.Д. Смирнов.
|
| 880 |
|
|
|6 264-03
|a Москва :
|b "Знание",
|c 1969.
|
| 880 |
1 |
|
|6 490-04
|a Новое в жизни, науке, технике. Государство и право ;
|v 1969, 7
|
| 948 |
|
|
|a cataloged
|b h
|c 2007/7/3
|d c
|e tchubaryan
|f 5:19:24 pm
|
| 994 |
|
|
|a C0
|b TXA
|
| 999 |
|
|
|a MARS
|
| 999 |
f |
f |
|s 97dd111a-c090-3bc1-9bcc-71d6c2617f49
|i c9554cff-2407-3d68-b421-0a6494ecc8fa
|t 0
|
| 952 |
f |
f |
|p ric
|a Texas A&M University
|b Rellis Campus
|c Joint Library Facility
|d Remote Storage
|t 0
|e K14 .O86 1969 no. 7
|h Library of Congress classification
|i unmediated -- volume
|m A14836318640
|
| 998 |
f |
f |
|a K14 .O86 1969 no. 7
|t 0
|l Remote Storage
|